MARC

LEADER 00000nam0a2200000 4500
001 25098
005 20231030200621.0
010 |a 5849300844 
035 |a (RuTPU)RU\TPU\book\25334 
035 |a BOOK00025409 
090 |a 25098 
100 |a 20011209d2000 k y0rusy50 ca 
101 0 |a rus 
102 |a RU 
105 |a а g 000zy 
200 1 |a Лучшее программное обеспечение для персонального компьютера  |e Справочник  |f М. Шпаковский 
210 |a Москва  |c Оверлей  |d 2000 
215 |a 446 с.  |c ил. 
610 1 |a программирование 
610 1 |a персональные компьютеры 
610 1 |a программное обеспечение 
610 1 |a рабочий стол 
610 1 |a менеджеры 
610 1 |a Norton 
610 1 |a графика 
610 1 |a программы 
610 1 |a графические редакторы 
610 1 |a Photoshop 
610 1 |a справочники 
675 |a 681.322-181.4.06(03)  |v 3 
675 |a 681.327.1(03)  |v 3 
700 1 |a Шпаковский  |b М.  |g Максим 
801 0 |a RU  |b 63413507  |c 20011209  |g PSBO 
801 2 |a RU  |b 63413507  |c 20160212  |g PSBO 
942 |c BK